000
00202 a2200097 4500
001
11338
100
_a
Claney, T.
245
_a
The Hunt for Red Octobor
260
_a
_b
Collins
_c
090
_c
8887
_d
8887
942
_a
NUST-CAE
_c
M
_c
35696
999
_c
246411
_d
246411